| 000 | 00454nab a22001457 4500 | ||
|---|---|---|---|
| 003 | ES-SlBCS | ||
| 005 | 20210327224145.0 | ||
| 008 | 160704s2016 sp ||||| |||| 00| 0 spa d | ||
| 040 |
_aES-SlBCS _bspa |
||
| 041 | _aspa | ||
| 100 | 1 |
_aBingemer, María Clara _984753 |
|
| 245 | 1 | 3 |
_aEl sufrimiento de Dios en algunas teologías contemporaneas _cMaria Clara Bingemer |
| 773 | 0 |
_gNúm. 366, 2016, págs. 87-98 _tConcilium _wRev134 _x0210-1041 |
|
| 942 |
_2lcc _cAR |
||
| 999 |
_c468471 _d468471 |
||